Obchodný zákonník s komentárom

Úplné znenie zákona č. 513/1991 Zb. Obchodný zákonník v znení neskorších zákonov a zákona NR SR č. 500/2001 Z.z. s komentárom. Tento zákon upravuje postavenie podnikateľov, obchodné záväzkové vzťahy ako aj niektoré iné vzťahy súvisiace s podnikaním. Prvá časť- Všeobecné ustanovenia. Druhá časť - Obc...

Full description

Saved in:
Bibliographic Details
Main Author: Dibdiaková, Drahomíra
Format: Book Chapter
Language:Slovak
Subjects:
Tags: Add Tag
No Tags, Be the first to tag this record!

MARC

LEADER 00000naa a2200000 4500
001 r044729
005 20230919093555.0
041 0 |a slo 
044 |a SK 
245 1 0 |a Obchodný zákonník s komentárom  |c Drahomíra Dibdiaková 
520 |a Úplné znenie zákona č. 513/1991 Zb. Obchodný zákonník v znení neskorších zákonov a zákona NR SR č. 500/2001 Z.z. s komentárom. Tento zákon upravuje postavenie podnikateľov, obchodné záväzkové vzťahy ako aj niektoré iné vzťahy súvisiace s podnikaním. Prvá časť- Všeobecné ustanovenia. Druhá časť - Obchodné spoločnosti a družstvo. Tretia časť - Obchodné záväzkové vzťahy. Štvrtá časť - Spoločné, prechodné a záverečné ustanovenia. 
610 2 0 |a zákonník obchodný 
610 2 0 |a vzťahy obchodné záväzkové 
610 2 0 |a zákony 
610 2 0 |a novelizácia 
610 2 0 |a komentáre 
610 2 0 |a Slovensko 
610 2 0 |a 1991-2001 
100 1 |a Dibdiaková, Drahomíra